| 000 | 003220000a22001330004500 | ||
|---|---|---|---|
| 041 | 0 | _aENG | |
| 082 | 0 | 4 | _aG 817.54 A173f |
| 100 | 1 | _aAce, Goodman | |
| 245 | 1 | 0 | _aThe fine art of hypochondria or How are you? / Goodman Ace |
| 260 | _aGarden City, N.Y., USA : Doubleday | ||
| 300 | _a188 Pag | ||
| 001 | 11904 | ||
| 942 | _cBK | ||
| 999 |
_c40969 _d40969 |
||